Chile Players Biggest Transfers - Statistics

General Stats
  • This quiz has been taken 94 times
  • The average score is 85 of 202
Answer Stats
Player From Joined % Correct
ST Alexis Sanchez 14/15 Barcelona Arsenal
100%
ST Alexis Sanchez 17/18 Arsenal Manchester United
100%
ST Alexis Sanchez 11/12 Udinese Barcelona
100%
ST Alexis Sanchez 06/07 Cobreloa Udinese
100%
ST Alexis Sanchez 07/08 Udinese River Plate
100%
CM Arturo Vidal 15/16 Juventus Bayern Munich
100%
CM Arturo Vidal 18/19 Bayern Munich Barcelona
100%
CM Arturo Vidal 11/12 Bayer Leverkusen Juventus
100%
CM Arturo Vidal 07/08 Colo-Colo Bayer Leverkusen
100%
CM Arturo Vidal 20/21 Barcelona Inter Milan
100%
GK Claudio Bravo 16/17 Barcelona Manchester City
97%
GK Claudio Bravo 14/15 Real Sociedad Barcelona
97%
GK Claudio Bravo 06/07 Colo-Colo Real Sociedad
97%
CB Benjamin Vidal 14/15 O'Higgins Universidad de Chile
93%
DM Gary Medel 13/14 Sevilla Cardiff City
80%
DM Gary Medel 14/15 Cardiff City Inter Milan
80%
DM Gary Medel 10/11 Universidad Catolica Sevilla
80%
DM Gary Medel 17/18 Inter Milan Besiktas
80%
DM Gary Medel 19/20 Besiktas Bologna
80%
CM Charles Aranguiz 15/16 Internacional Bayer Leverkusen
78%
CM Charles Aranguiz 14/15 Udinese Internacional
78%
CM Charles Aranguiz 13/14 Universidad de Chile Udinese
78%
LW Ben Brereton Diaz 18/19 Nottingham Forest Blackburn Rovers
74%
ST Eduardo Vargas 11/12 Universidad de Chile Napoli
74%
ST Eduardo Vargas 16/17 Hoffenheim Tigres UANL
74%
ST Eduardo Vargas 15/16 Napoli Hoffenheim
74%
ST Eduardo Vargas 12/13 Napoli Gremio
74%
ST Eduardo Vargas 13/14 Napoli Valencia
74%
ST Eduardo Vargas 14/15 Napoli Queens Park Rangers
74%
ST Eduardo Vargas 20/21 Tigres UANL Atletico Mineiro
74%
ST Eduardo Vargas 09/10 Cobreloa Universidad de Chile
74%
LW Pablo Aranguiz 18/19 Union Espanola Dallas
72%
LW Jeisson Vargas 16/17 Universidad Catolica Montreal Impact
71%
ST Marcelo Salas 01/02 Lazio Juventus
70%
ST Marcelo Salas 98/99 River Plate Lazio
70%
ST Marcelo Salas 96/97 Universidad de Chile River Plate
70%
DM Marcelo Diaz 12/13 Universidad de Chile Basel
68%
DM Marcelo Diaz 18/19 UNAM Pumas Racing Club
68%
DM Marcelo Diaz 14/15 Basel Hamburg
68%
DM Marcelo Diaz 15/16 Hamburg Celta Vigo
68%
RB Mauricio Isla 12/13 Udinese Juventus
67%
RB Mauricio Isla 16/17 Juventus Cagliari
67%
RB Mauricio Isla 14/15 Juventus Queens Park Rangers
67%
RB Mauricio Isla 15/16 Juventus Marseille
67%
CB Paulo Diaz 19/20 Al-Ahli River Plate
65%
CB Paulo Diaz 18/19 San Lorenzo Al-Ahli
65%
ST Ivan Zamorano 92/93 Sevilla Real Madrid
64%
ST Ivan Zamorano 90/91 St. Gallen Sevilla
64%
CB Nicolas Diaz 22/23 Mazatlan Tijuana
62%
AM Matias Fernandez 06/07 Colo-Colo Villarreal
61%
AM Matias Fernandez 09/10 Villarreal Sporting CP
61%
AM Matias Fernandez 12/13 Sporting CP Fiorentina
61%
CM David Pizarro 06/07 Inter Milan Roma
59%
CM David Pizarro 05/06 Udinese Inter Milan
59%
CM David Pizarro 99/00 Santiago Wanderers Udinese
59%
CB Guillermo Maripan 19/20 Alaves Monaco
58%
CB Guillermo Maripan 17/18 Universidad Catolica Alaves
58%
LB Jean Beausejour 10/11 Club America Birmingham City
58%
LB Jean Beausejour 11/12 Birmingham City Wigan Athletic
58%
LB Jean Beausejour 08/09 O'Higgins Club America
58%
LB Jean Beausejour 16/17 Colo-Colo Universidad de Chile
58%
LW Mark Gonzalez 09/10 Real Betis CSKA Moscow
57%
LW Mark Gonzalez 07/08 Liverpool Real Betis
57%
LW Mark Gonzalez 05/06 Albacete Liverpool
57%
DM Erick Pulgar 19/20 Bologna Fiorentina
55%
DM Erick Pulgar 22/23 Fiorentina Flamengo
55%
DM Erick Pulgar 15/16 Universidad Catolica Bologna
55%
AM Jorge Valdivia 08/09 Palmeiras Al-Ain
55%
AM Jorge Valdivia 10/11 Al-Ain Palmeiras
55%
AM Jorge Valdivia 06/07 Colo-Colo Palmeiras
55%
ST Ronnie Fernandez 17/18 Bolivar Al-Fayha
54%
CB Osvaldo Gonzalez 09/10 Universidad de Chile Toluca
49%
CB Marcos Gonzalez 11/12 Universidad de Chile Flamengo
48%
CB Gonzalo Jara 09/10 Colo-Colo West Bromwich Albion
45%
ST Humberto Suazo 07/08 Colo-Colo Monterrey
45%
ST Mauricio Pinilla 10/11 Grosseto Palermo
45%
ST Mauricio Pinilla 12/13 Palermo Cagliari
45%
ST Mauricio Pinilla 03/04 Universidad de Chile Inter Milan
45%
ST Mauricio Pinilla 15/16 Genoa Atalanta
45%
ST Mauricio Pinilla 14/15 Cagliari Genoa
45%
ST Mauricio Pinilla 04/05 Inter Milan Sporting CP
45%
AM Diego Valdes 21/22 Santos Laguna Club America
42%
AM Diego Valdes 18/19 Monarcas Morelia Santos Laguna
42%
AM Diego Valdes 16/17 Audax Italiano Monarcas Morelia
42%
LW Martin Rodriguez 16/17 Colo-Colo Cruz Azul
42%
CM Pablo Hernandez 14/15 O'Higgins Celta Vigo
42%
CM Pablo Hernandez 18/19 Celta Vigo Independiente
42%
CM Jaime Valdes 10/11 Atalanta Sporting CP
41%
CM Jaime Valdes 12/13 Sporting CP Parma
41%
ST Angelo Henriquez 12/13 Universidad de Chile Manchester United
39%
ST Angelo Henriquez 15/16 Manchester United Dinamo Zagreb
39%
ST Angelo Henriquez 17/18 Dinamo Zagreb Atlas
39%
ST Angelo Henriquez 14/15 Manchester United Dinamo Zagreb
39%
ST Angelo Henriquez 18/19 Atlas Universidad de Chile
39%
CM Marcelino Nunez 22/23 Universidad Catolica Norwich City
39%
LW Dario Osorio 23/24 Universidad de Chile Midtjylland
38%
CM Felipe Gutierrez 16/17 Twente Real Betis
35%
CM Felipe Gutierrez 12/13 Universidad Catolica Twente
35%
AM Luis Jimenez 08/09 Ternana Inter Milan
35%
AM Luis Jimenez 10/11 Inter Milan Ternana
35%
AM Luis Jimenez 05/06 Ternana Fiorentina
35%
AM Luis Jimenez 02/03 Palestino Ternana
35%
AM Luis Jimenez 10/11 Ternana Cesena
35%
AM Luis Jimenez 07/08 Ternana Inter Milan
35%
ST Nicolas Castillo 18/19 UNAM Pumas Benfica
35%
ST Nicolas Castillo 18/19 Benfica Club America
35%
ST Nicolas Castillo 16/17 Club Brugge UNAM Pumas
35%
ST Nicolas Castillo 13/14 Universidad Catolica Club Brugge
35%
ST Diego Valencia 22/23 Universidad Catolica Salernitana
32%
DM Francisco Silva 13/14 Universidad Catolica Osasuna
32%
AM Carlos Palacios 21/22 Union Espanola Internacional
30%
AM Carlos Palacios 21/22 Internacional Vasco da Gama
30%
LW Junior Fernandes 12/13 Universidad de Chile Bayer Leverkusen
30%
LW Junior Fernandes 14/15 Bayer Leverkusen Dinamo Zagreb
30%
LW Junior Fernandes 17/18 Dinamo Zagreb Alanyaspor
30%
AM Angelo Araos 19/20 Universidad de Chile Corinthians
29%
AM Angelo Araos 21/22 Corinthians Necaxa
29%
DM Victor Mendez 22/23 Union Espanola CSKA Moscow
29%
ST Esteban Paredes 13/14 Atlante Queretaro
28%
ST Esteban Paredes 13/14 Queretaro Colo-Colo
28%
RW Fabian Orellana 09/10 Audax Italiano Udinese
28%
RW Fabian Orellana 17/18 Celta Vigo Valencia
28%
RW Fabian Orellana 18/19 Valencia Eibar
28%
RW Fabian Orellana 12/13 Granada Celta Vigo
28%
ST Felipe Mora 17/18 Universidad de Chile Cruz Azul
28%
ST Felipe Mora 19/20 Cruz Azul UNAM Pumas
28%
AM Luis Rojas 20/21 Universidad de Chile Crotone
28%
ST Victor Davila 18/19 Necaxa Pachuca
28%
ST Victor Davila 23/24 Leon CSKA Moscow
28%
ST Victor Davila 20/21 Pachuca Leon
28%
CB Benjamin Kuscevic 20/21 Universidad Catolica Palmeiras
26%
CB Benjamin Kuscevic 22/23 Palmeiras Coritiba
26%
ST Diego Rubio 11/12 Colo-Colo Sporting CP
26%
LB Francisco Rojas 01/02 Colo-Colo Sturm Graz
26%
GK Gabriel Arias 18/19 Defensa Racing Club
26%
LW Jean Meneses 22/23 Leon Toluca
26%
LW Jean Meneses 19/20 Universidad de Concepcion Leon
26%
ST Patricio Rubio 14/15 Universidad de Chile Queretaro
26%
ST Patricio Rubio 13/14 Union Espanola Universidad de Chile
26%
DM Tomas Alarcon 21/22 O'Higgins Cadiz
26%
DM Williams Alarcon 23/24 La Calera Huracan
26%
RW Edson Puch 17/18 Necaxa Pachuca
25%
RW Edson Puch 11/12 Universidad de Chile Al-Wasl
25%
LW Cristian Cuevas 13/14 O'Higgins Chelsea
23%
RW Joaquin Montecinos 22/23 Audax Italiano Tijuana
23%
DM Carlos Carmona 10/11 Reggina Atalanta
22%
DM Carlos Carmona 08/09 O'Higgins Reggina
22%
ST Carlos Munoz 14/15 Baniyas Al-Ahli (UAE)
22%
ST Carlos Munoz 13/14 Colo-Colo Baniyas
22%
ST Carlos Munoz 11/12 Santiago Wanderers Colo-Colo
22%
ST Gustavo Canales 11/12 Universidad de Chile Dalian Aerbin
22%
ST Gustavo Canales 10/11 Union Espanola Universidad de Chile
22%
ST Gustavo Canales 14/15 Union Espanola Universidad de Chile
22%
ST Gustavo Canales 09/10 Union Espanola River Plate
22%
LB Miiko Albornoz 14/15 Malmo Hannover
22%
ST Bruno Barticciotto 23/24 Palestino Talleres
19%
AM Cesar Pinares 17/18 Union Espanola Sharjah
19%
AM Cesar Pinares 21/22 Gremio Altay
19%
AM Cesar Pinares 20/21 Universidad Catolica Gremio
19%
CB Igor Lichnovsky 20/21 Cruz Azul Al-Shabab
19%
CB Igor Lichnovsky 14/15 Universidad de Chile Porto
19%
CB Igor Lichnovsky 17/18 Porto Necaxa
19%
CB Valber Huerta 21/22 Universidad Catolica Toluca
19%
AM Carlos Villanueva 09/10 Audax Italiano Al-Shabab (UAE)
17%
AM Marcelo Allende 22/23 Montevideo City Torque Mamelodi Sundowns
17%
AM Pedro Morales 08/09 Universidad de Chile Dinamo Zagreb
17%
LW Rodrigo Tello 00/01 Universidad de Chile Sporting CP
17%
DM Esteban Pavez 19/20 Colo-Colo Al-Nasr
16%
AM Leonardo Gil 19/20 Rosario Central Al-Ittihad
16%
AM Leonardo Gil 21/22 Al-Ittihad Colo-Colo
16%
CB Sebastian Vegas 21/22 Mazatlan Monterrey
16%
CB Sebastian Vegas 17/18 Audax Italiano Monarcas Morelia
16%
LW Angel Sagal 17/18 Huachipato Pachuca
14%
DM Marco Estrada 13/14 Montpellier Al-Wahda
14%
DM Marco Estrada 10/11 Universidad de Chile Montpellier
14%
DM Claudio Baeza 20/21 Necaxa Toluca
13%
DM Claudio Baeza 18/19 Colo-Colo Al-Ahli
13%
DM Claudio Baeza 19/20 Al-Ahli Necaxa
13%
RB Gonzalo Fierro 08/09 Colo-Colo Flamengo
13%
ST Ignacio Jeraldino 19/20 Audax Italiano Atlas
13%
GK Miguel Pinto 10/11 Universidad de Chile Atlas
13%
ST Sebastian Rozental 96/97 Universidad Catolica Rangers
13%
DM Clarence Acuna 00/01 Universidad de Chile Newcastle United
12%
LW Lautaro Pastran 23/24 Everton (Chile) Belgrano
12%
ST Marcelo Larrondo 16/17 Rosario Central River Plate
12%
ST Marcelo Larrondo 13/14 Siena Torino
12%
CB Pablo Contreras 01/02 Monaco Celta Vigo
12%
LW Sebastian Ubilla 12/13 Santiago Wanderers Universidad de Chile
12%
DM Jorge Acuna 02/03 Universidad Catolica Feyenoord
10%
CB Waldo Ponce 10/11 O'Higgins Cruz Azul
10%
DM Claudio Maldonado 05/06 Cruzeiro Santos
9%
DM Claudio Maldonado 99/00 Colo-Colo Sao Paulo
9%
DM Claudio Maldonado 07/08 Santos Fenerbahce
9%
DM Felipe Seymour 11/12 Universidad de Chile Genoa
9%
AM Hugo Droguett 08/09 Tecos Monarcas Morelia
6%
AM Hugo Droguett 10/11 Monarcas Morelia Cruz Azul
6%
ST Manuel Neira 98/99 Colo-Colo Las Palmas
6%
CB Carlos Labrin 11/12 Huachipato Palermo
4%
AM Cristobal Jorquera 11/12 Colo-Colo Genoa
4%
ST Hector Mancilla 10/11 Toluca Tigres UANL
4%
CM Sebastian Pardo 02/03 Universidad de Chile Feyenoord
4%
AM Nicolas Cordova 09/10 Parma Brescia
3%
No matching quizzes found
Score Distribution
Percent of People with Each Score
Percentile by Number Answered
Your Score History
You have not taken this quiz